000 00773nam a2200217Ia 4500
001 9649
003 GE_BSU
008 181216s||||||||xx |||||||||||||| ||und||
040 _cGE_BSU
100 _aმუჯირიშვილი,ბეგლარ
245 _aკრემსის ბურგომისტრი
245 _bმოთხრობები
245 _cრედ.რ.ორჯონიკიძე.მხატვ.ი.გორდელაძე
260 _aთბილისი
260 _bსაბჭოთა საქართველო
260 _c1960
300 _a122გვ.ილ.20სმ.
653 _aკრემსის ბურგომისტრი
653 _aმოთხრობები
942 _cBK
999 _c42933
_d42933